|
|
|
|
| LEADER |
00000 a a2200000 04500 |
| 001 |
11933 |
| 003 |
cru CIDCACS/IIS |
| 005 |
20181217154007.0 |
| 008 |
181217b ||||| |||| 00| 0 spa d |
| 999 |
|
|
|c 36903
|d 36903
|
| 040 |
|
|
|c cru CIDCACS/IIS
|
| 090 |
|
|
|a REV0750 (84) 1999
|
| 100 |
|
|
|a Dussel, Enrique
|
| 110 |
2 |
|
|9 7636
|a Departamento Ecuménico de Investigaciones (DEI)
|
| 245 |
|
|
|a Sobre el sujeto y la intersubjetividad:
|c Enrique Dussel
|b el agente histórico como actor en los movimientos sociales.
|
| 260 |
|
|
|a San José, Costa Rica
|b DEI
|c 1999
|
| 300 |
|
|
|a 1 - 11 páginas.
|
| 650 |
|
|
|a TEORIA
|
| 650 |
|
|
|a MOVIMIENTOS SOCIALES
|
| 650 |
|
|
|a HISTORIA
|
| 650 |
|
|
|a SOCIEDAD
|
| 650 |
|
|
|a FAMILIA
|
| 773 |
|
|
|g número 84; páginas 1-11
|
| 942 |
|
|
|2 ddc
|c PP
|
| 773 |
0 |
|
|0 41641
|9 2551
|a Departamento Ecuménico de Investigaciones (DEI)
|d San José, Costa Rica Departamento Ecuménico de Investigaciones (DEI)
|o 20145
|t Pasos /
|